Adecuación de la infraestructura conforme al usuario con discapacidad, aplicado a la Universidad de Costa Rica
Bewaard in:
| Hoofdauteur: | |
|---|---|
| Formaat: | Boek |
| Gepubliceerd in: |
[San José , Costa Rica]
1999
|
| Onderwerpen: | |
| Tags: |
Voeg label toe
Geen labels, Wees de eerste die dit record labelt!
|
MARC
| LEADER | 00000nam a2200000Ia 4500 | ||
|---|---|---|---|
| 003 | 008435 | ||
| 005 | 20221231144211.0 | ||
| 008 | 140114s1999 cr a m 000 ||s d | ||
| 040 | |c cru CEDI | ||
| 090 | |a TFG 4095 | ||
| 100 | |a Uribe Bermúdez, Eduardo José |9 8335 | ||
| 245 | |a Adecuación de la infraestructura conforme al usuario con discapacidad, aplicado a la Universidad de Costa Rica | ||
| 260 | |c 1999 |a [San José , Costa Rica] | ||
| 300 | |a ii, 111 hojas : ilustraciones a color, planos | ||
| 500 | |a Tesis (licenciatura en ingeniería civil)--Universidad de Costa Rica. Facultad de Ingeniería. Escuela de Ingeniería Civil | ||
| 650 | |x PERSONAS CON DISCAPACIDADES FISICAS |x DISEÑO DE ESTRUCTURAS |x REGLAMENTOS |x COSTA RICA |x IGUALDAD DE OPORTUNIDADES |x ARQUITECTURA |x EDIFICIOS |9 8336 | ||
| 942 | |c TFG | ||
| 999 | |c 18346 |d 18346 | ||
